[Event "GER-chT U20 Girls"]
[Site "Osnabrueck"]
[Date "2013.12.29"]
[Round "5.4"]
[White "Schaller, Bettina"]
[Black "Heyd, Julia"]
[Result "1/2-1/2"]
[WhiteElo "1262"]
[BlackElo "1060"]
[PlyCount "86"]
[EventDate "2013.12.27"]
[EventType "team-swiss"]
[EventRounds "7"]
[EventCountry "GER"]
[SourceTitle "EXT 2015"]
[Source "ChessBase"]
[SourceDate "2014.11.20"]
[SourceVersion "1"]
[SourceVersionDate "2014.11.20"]
[SourceQuality "1"]
[WhiteTeam "Welper SV"]
[BlackTeam "Hattersheim"]
[WhiteTeamCountry "GER"]
[BlackTeamCountry "GER"]

1. d4 d5 2. c4 e6 3. Nc3 Nf6 4. cxd5 exd5 5. Bg5 c6 6. e3 Bd6 7. Bd3 Nbd7 8. Nf3 0-0 9. 0-0 Re8 10. Qc2 Nf8 11. h3 Bd7 12. e4 dxe4 13. Nxe4 Be7 14. Rfe1 Nxe4 15. Bxe7 Qxe7 16. Rxe4 Qd6 17. Rae1 Rxe4 18. Rxe4 Bf5 19. Re3 Bxd3 20. Qxd3 Ne6 21. Qd2 Rd8 22. b4 h6 23. Rd3 a6 24. a3 Nf4 25. Re3 Nd5 26. Rb3 Nc7 27. Rd3 b6 28. Rc3 Nb5 29. Rd3 c5 30. bxc5 bxc5 31. a4 Nxd4 32. Nxd4 cxd4 33. g3 g5 34. Kh2 Qd7 35. a5 f6 36. f3 h5 37. f4 gxf4 38. Qxf4 Kg7 39. Qf3 Qd5 40. Qe2 Qxa5 41. Qe7+ Kg6 42. Kg2 Qd5+ 43. Kf2 a5 1/2-1/2

[Event "GER-chT U20 Girls"]
[Site "Osnabrueck"]
[Date "2013.12.27"]
[Round "1.4"]
[White "Heyd, Julia"]
[Black "Boese, Carolin"]
[Result "0-1"]
[WhiteElo "1060"]
[BlackElo "1318"]
[PlyCount "112"]
[EventDate "2013.12.27"]
[EventType "team-swiss"]
[EventRounds "7"]
[EventCountry "GER"]
[SourceTitle "EXT 2015"]
[Source "ChessBase"]
[SourceDate "2014.11.20"]
[SourceVersion "1"]
[SourceVersionDate "2014.11.20"]
[SourceQuality "1"]
[WhiteTeam "Hattersheim"]
[BlackTeam "Bechhofen"]
[WhiteTeamCountry "GER"]
[BlackTeamCountry "GER"]

1. c4 Nf6 2. Nc3 g6 3. g3 Bg7 4. Bg2 c6 5. Nf3 0-0 6. 0-0 d5 7. cxd5 cxd5 8. d4 Bf5 9. Bf4 Nc6 10. Qd2 Ne4 11. Qe3 Nb4 12. Rfc1 Rc8 13. Ne1 Qb6 14. Na4 Rxc1 15. Rxc1 Qa5 16. Qb3 Bxd4 17. Nd3 Nxd3 18. Qxd3 Qxa4 19. b3 Bxf2+ 20. Kf1 Qa5 21. Bxe4 Bxe4 22. Bd2 Bxd3 23. Bxa5 Be3 24. Rc3 Bd2 25. Rxd3 Bxa5 26. Rxd5 Bb4 27. Rb5 Bd6 28. Rxb7 a5 29. Ra7 Bb4 30. Rb7 e6 31. Ra7 Rc8 32. a3 Rc1+ 33. Kg2 Bd2 34. Rb7 Rb1 35. Kf3 a4 36. b4 Rb3+ 37. Kf2 Rxa3 38. b5 Rb3 39. Kg2 a3 40. Ra7 Be3 41. Ra6 Bc5 42. Ra5 Rb2 43. b6 Rxe2+ 44. Kh3 Bxb6 45. Rxa3 Bg1 46. Kg4 h5+ 47. Kg5 Kg7 48. Rf3 Bxh2 49. Kh4 Bg1 50. g4 Re4 51. Kg3 Rxg4+ 52. Kh3 Bc5 53. Rg3 Rxg3+ 54. Kxg3 e5 55. Kf3 h4 56. Kg4 e4 0-1

[Event "Hessen-ch U17 Open"]
[Site "Bad Homburg"]
[Date "2013.03.28"]
[Round "5"]
[White "Heyd, Julia"]
[Black "Reidl, Jorit"]
[Result "1/2-1/2"]
[WhiteElo "1088"]
[BlackElo "1117"]
[PlyCount "152"]
[EventDate "2013.03.??"]
[EventType "swiss"]
[EventRounds "7"]
[EventCountry "GER"]
[SourceTitle "EXT 2014"]
[Source "ChessBase"]
[SourceDate "2013.11.20"]
[SourceVersion "1"]
[SourceVersionDate "2013.11.20"]
[SourceQuality "1"]

1. c4 Nf6 2. Nc3 g6 3. g3 Bg7 4. Bg2 0-0 5. Nf3 d6 6. d4 Nbd7 7. e3 Ne8 8. 0-0 e5 9. b3 f5 10. Bb2 e4 11. Ne1 c6 12. f3 Qg5 13. f4 Qh6 14. d5 c5 15. a3 a5 16. Nc2 b6 17. b4 a4 18. Rb1 Ba6 19. Qe2 Bb7 20. bxc5 bxc5 21. Nb5 Rb8 22. Bxg7 Qxg7 23. Qd2 Nb6 24. Qe2 Ba6 25. Rfc1 Qd7 26. Rd1 Nc7 27. Bf1 Rb7 28. Ne1 Rfb8 29. Nxc7 Qxc7 30. Qc2 Qg7 31. h4 h5 32. Kh1 Nd7 33. Rxb7 Rxb7 34. Qxa4 Rb6 35. Qc2 Qb2 36. Qxb2 Rxb2 37. Ra1 Nb6 38. Rc1 Rf2 39. Kg1 Ra2 40. Rc3 Na4 41. Rb3 Rb2 42. Rxb2 Nxb2 43. Nc2 Bxc4 44. Bxc4 Nxc4 45. a4 Nb6 46. a5 Nxd5 47. a6 Kf8 48. a7 Nc7 49. Na3 Na8 50. Nb5 Ke7 51. Kf2 Kd7 52. Na3 Kc6 53. Nc4 Kb7 54. Nxd6+ Kxa7 55. Nc8+ Ka6 56. Ne7 c4 57. Ke2 c3 58. Nd5 Kb5 59. Nxc3+ Kc4 60. Kd2 Nc7 61. Ne2 Nb5 62. Kc2 Na3+ 63. Kd2 Nb1+ 64. Kc2 Na3+ 65. Kd2 Kb3 66. Nd4+ Kb2 67. Nc6 Nb1+ 68. Ke2 Kc2 69. Nd4+ Kc1 70. Nb3+ Kc2 71. Nd4+ Kc3 72. Nb5+ Kc4 73. Nd4 Nc3+ 74. Kd2 Nd5 75. Nc6 Kc5 76. Ne5 Ne7 1/2-1/2

[Event "GER-chT U20 Girls"]
[Site "Osnabrueck"]
[Date "2012.12.30"]
[Round "7.4"]
[White "Heyd, Julia"]
[Black "Scheibe, Lydia"]
[Result "0-1"]
[WhiteElo "885"]
[BlackElo "1105"]
[PlyCount "54"]
[EventDate "2012.12.27"]
[EventType "team-swiss"]
[EventRounds "7"]
[EventCountry "GER"]
[SourceTitle "EXT 2014"]
[Source "ChessBase"]
[SourceDate "2013.11.20"]
[SourceVersion "1"]
[SourceVersionDate "2013.11.20"]
[SourceQuality "1"]
[WhiteTeam "Hattersheim"]
[BlackTeam "Chemnitz USG"]
[WhiteTeamCountry "GER"]
[BlackTeamCountry "GER"]

1. e4 e5 2. Nf3 Nc6 3. Bc4 Bc5 4. c3 Nf6 5. d3 d5 6. Bxd5 Nxd5 7. exd5 Qxd5 8. Be3 Be7 9. d4 exd4 10. cxd4 Bd6 11. Nc3 Qf5 12. Ne2 0-0 13. 0-0 Qg6 14. Ng3 Ne7 15. Qd2 h6 16. Rfe1 Nf5 17. Bf4 Nxg3 18. fxg3 Qf6 19. Be5 Bxe5 20. dxe5 Qb6+ 21. Kh1 Be6 22. Nd4 Rad8 23. Red1 c5 24. Nxe6 Rxd2 25. Rxd2 Qxe6 26. Re1 Qxa2 27. Rd5 Qxd5 0-1

[Event "GER-chT U20 Girls"]
[Site "Osnabrueck"]
[Date "2012.12.29"]
[Round "6.4"]
[White "Heyd, Julia"]
[Black "Wolff, Marie Antoinette"]
[Result "1-0"]
[WhiteElo "885"]
[BlackElo "1130"]
[PlyCount "59"]
[EventDate "2012.12.27"]
[EventType "team-swiss"]
[EventRounds "7"]
[EventCountry "GER"]
[SourceTitle "EXT 2014"]
[Source "ChessBase"]
[SourceDate "2013.11.20"]
[SourceVersion "1"]
[SourceVersionDate "2013.11.20"]
[SourceQuality "1"]
[WhiteTeam "Hattersheim"]
[BlackTeam "Leegebruch"]
[WhiteTeamCountry "GER"]
[BlackTeamCountry "GER"]

1. e4 c5 2. Nc3 Nc6 3. Bb5 g6 4. Bxc6 bxc6 5. f4 e6 6. d3 Bg7 7. Nf3 Ne7 8. 0-0 0-0 9. Qe1 Qb6 10. Kh1 Bb7 11. Qh4 Qd8 12. Ne2 d5 13. Ng3 Qd7 14. Rb1 Ba6 15. Re1 c4 16. dxc4 Bxc4 17. b3 Ba6 18. Ba3 Rfe8 19. Bb2 dxe4 20. Nxe4 Nf5 21. Nf6+ Bxf6 22. Qxf6 Kf8 23. Rbd1 Qb7 24. Ng5 e5 25. fxe5 c5 26. c4 Rec8 27. e6 Rc6 28. e7+ Nxe7 29. Qh8+ Ng8 30. Bg7# 1-0

[Event "GER-chT U20 Girls"]
[Site "Osnabrueck"]
[Date "2012.12.28"]
[Round "3.4"]
[White "Buettner, Sarah"]
[Black "Heyd, Julia"]
[Result "1-0"]
[WhiteElo "1461"]
[BlackElo "885"]
[PlyCount "99"]
[EventDate "2012.12.27"]
[EventType "team-swiss"]
[EventRounds "7"]
[EventCountry "GER"]
[SourceTitle "EXT 2014"]
[Source "ChessBase"]
[SourceDate "2013.11.20"]
[SourceVersion "1"]
[SourceVersionDate "2013.11.20"]
[SourceQuality "1"]
[WhiteTeam "Dortmund 1875"]
[BlackTeam "Hattersheim"]
[WhiteTeamCountry "GER"]
[BlackTeamCountry "GER"]

1. d4 d5 2. c4 e6 3. Nc3 Nf6 4. Bg5 Be7 5. Nf3 0-0 6. e3 Re8 7. Bd3 Nbd7 8. 0-0 Nf8 9. Qb3 c6 10. Rac1 Ne4 11. Bxe7 Rxe7 12. Bxe4 dxe4 13. Nxe4 Ng6 14. Rfd1 Rd7 15. c5 Nh4 16. Ne5 Re7 17. Nd6 f6 18. Nec4 b5 19. Nd2 Qf8 20. a4 a6 21. Ra1 Bb7 22. Nxb7 Rxb7 23. Qxe6+ Qf7 24. Qxf7+ Rxf7 25. axb5 cxb5 26. b4 Rc8 27. Rxa6 Ng6 28. Ne4 Rfc7 29. Nd6 Rd8 30. Rda1 h6 31. Ra8 Rxa8 32. Rxa8+ Kh7 33. Ra5 Ne7 34. Rxb5 Nd5 35. Kf1 Ra7 36. Ra5 Rc7 37. b5 Rd7 38. Ra1 Rd8 39. Rb1 Rb8 40. Ke2 Nc3+ 41. Kd3 Nxb1 42. c6 Rd8 43. c7 Rxd6 44. c8Q Rd5 45. b6 Ra5 46. b7 Ra3+ 47. Ke4 Nd2+ 48. Kf4 g5+ 49. Kg4 Kg6 50. Qg8# 1-0

[Event "GER-chT U20 Girls"]
[Site "Magdeburg"]
[Date "2010.12.28"]
[Round "4.4"]
[White "Cejda, Cecilia"]
[Black "Heyd, Julia"]
[Result "1-0"]
[WhiteElo "928"]
[BlackElo "1000"]
[PlyCount "31"]
[EventDate "2010.12.27"]
[EventType "team-swiss"]
[EventRounds "7"]
[EventCountry "GER"]
[SourceTitle "CBM 140 Extra"]
[Source "ChessBase"]
[SourceDate "2011.03.01"]
[SourceVersion "1"]
[SourceVersionDate "2011.03.01"]
[SourceQuality "1"]
[WhiteTeam "Magdeburg USC"]
[BlackTeam "Hattersheim"]
[WhiteTeamCountry "GER"]
[BlackTeamCountry "GER"]

1. e4 e5 2. Nf3 Nc6 3. Bc4 Bc5 4. b4 Nxb4 5. c3 Nc6 6. d4 exd4 7. cxd4 Nxd4 8. Nxd4 Bxd4 9. Qxd4 Nf6 10. Bg5 0-0 11. e5 Re8 12. 0-0 Rf8 13. exf6 gxf6 14. Bh6 Re8 15. Qg4+ Kh8 16. Qg7# 1-0

[Event "GER-chT U20 Girls"]
[Site "Magdeburg"]
[Date "2010.12.27"]
[Round "2.4"]
[White "Heyd, Julia"]
[Black "Froeschle, Luzie"]
[Result "0-1"]
[WhiteElo "1000"]
[BlackElo "1476"]
[PlyCount "40"]
[EventDate "2010.12.27"]
[EventType "team-swiss"]
[EventRounds "7"]
[EventCountry "GER"]
[SourceTitle "CBM 140 Extra"]
[Source "ChessBase"]
[SourceDate "2011.03.01"]
[SourceVersion "1"]
[SourceVersionDate "2011.03.01"]
[SourceQuality "1"]
[WhiteTeam "Hattersheim"]
[BlackTeam "Ingersheim"]
[WhiteTeamCountry "GER"]
[BlackTeamCountry "GER"]

1. e4 c6 2. d4 d5 3. Nc3 dxe4 4. Nxe4 Nd7 5. Bc4 e6 6. Ng5 Ngf6 7. N1f3 h6 8. Nh3 Bd6 9. Nf4 0-0 10. 0-0 Qc7 11. Ne5 Nxe5 12. dxe5 Bxe5 13. g3 Nd5 14. c3 Nxf4 15. gxf4 Bxf4 16. Bxf4 Qxf4 17. Bb3 e5 18. Bc2 Bh3 19. Qd3 Qg5+ 20. Kh1 Qg2# 0-1